Statistics for Fill in the Disney lyrics- Reflection

Click here to take the quiz!

General Stats

  • This quiz has been taken 370 times
  • The average score is 12 of 14

Answer Stats

LyricAnswer% Correct
Staring straight back -- meat
97%
Or a perfect --------daughter
96%
When will my reflection ----show
94%
--- I am insideWho
94%
Who is that ---- I seegirl
93%
Who I am ------inside
93%
When will my ---------- showreflection
93%
I would ----- my family's heartbreak
92%
Why is my reflection ------- I don't know?someone
91%
Look at me. I will never ---- for a perfect bridepass
88%
Can it be. I'm not ----- to play this partmeant
85%
Who I am. ------ I've triedThough
82%
Somehow I ------ hidecannot
79%
Now I see. That if I was ------ to be myselftruely
48%

Score Distribution

Percentile by Number Answered

Percent of People with Each Score

Your Score History

You have not taken this quiz